000 00451nam a2200181Ia 4500
005 20240813073212.0
008 240331s9999 xx 000 0 und d
020 _a1558491163
082 _bJAY
_a401
100 _aJay,M
245 0 _aCultural semantics :
_bkeywords of our time
260 _aAmherst
_bUniversity of massachusetts press
_c1998
300 _ax, 263 p .,
650 _aCultural
650 _aWomen
650 _aHistory
942 _cL
999 _c2993
_d2993